Relief of symptoms in carpal tunnel syndrome : in cases treated surgically following failed conservative treatment and those treated non-surgically /
Saved in:
| 主要作者: | |
|---|---|
| 格式: | Thesis 圖書 |
| 語言: | English |
| 出版: |
2001.
|
| 主題: | |
| 標簽: |
添加標簽
沒有標簽, 成為第一個標記此記錄!
|
| LEADER | 00891cam a2200229 a 4500 | ||
|---|---|---|---|
| 001 | u689785 | ||
| 003 | SIRSI | ||
| 008 | 920910s2001 my t 00 1 eng | ||
| 035 | |a ACS-9011 | ||
| 040 | |a UMP | ||
| 096 | |a WE168 |u M 2001 Omami | ||
| 100 | 0 | 0 | |a Omar Md Isa. |
| 245 | 1 | 0 | |a Relief of symptoms in carpal tunnel syndrome : |b in cases treated surgically following failed conservative treatment and those treated non-surgically / |c Omar Md Isa. |
| 260 | |c 2001. | ||
| 300 | |a ii, 82 leaves : |b ill. : |c 30 cm. | ||
| 502 | |a Dissertation (M.O.S) -- Department of Surgery, Faculty of Medicine, University of Malaya, 2001. | ||
| 504 | |a Bibliography: leaves 73-81. | ||
| 650 | 2 | |a Carpal Tunnel Syndrome. | |
| 710 | 2 | 0 | |a Universiti Malaya. |b Jabatan Surgeri Ortopedik. |
| 948 | |a 18/02/2002 |b 16/04/2002 | ||
| 596 | |a 2 | ||
| 999 | |a WE168 UM 2001 OMAMI |w NLM |c 1 |i A503625536 |l TESIS |m P02MEDKL |r Y |s Y |t TESIS |u 12/7/2005 | ||
